[Event "7. Open"]
[Site "?"]
[Date "2005.05.26"]
[Round "7"]
[White "Cicak Slavko"]
[Black "Pogorelov Ruslan"]
[Result "1-0"]
[WhiteElo "2530"]
[BlackElo "2448"]
[PlyCount "95"]
[EventDate "2005.??.??"]
[Source "www.chesslib.no"]
[SourceDate "2004.05.04"]

1. c4 Nf6 2. Nc3 e6 3. e4 c5 4. e5 Ng8 5. Nf3 Nc6 6. d4 cxd4 7. Nxd4 Nxe5 8. Ndb5 a6 9. Nd6+ Bxd6 10. Qxd6 f6 11. Be3 Ne7 12. Bb6 Nf5 13. Bxd8 Nxd6 14. Bc7 Ke7 15. c5 Ne8 16. Bb6 d5 17. cxd6+ Kxd6 18. f4 Nd7 19. O-O-O+ Ke7 20. Ba5 b6 21. Bb4+ Kf7 22. a4 Ra7 23. Bc4 Rc7 24. Ba2 g6 25. g4 Ng7 26. Rhe1 Re8 27. Rd6 f5 28. h3 Bb7 29. g5 Be4 30. Kd2 Bg2 31. h4 Nc5 32. Rxb6 Rd8+ 33. Ke3 Rd3+ 34. Kf2 Be4 35. Bxc5 Rf3+ 36. Ke2 Rxc5 37. Rd1 Rc7 38. Rdd6 Rxf4 39. Rxa6 Rxh4 40. Rab6 Nh5 41. Bxe6+ Ke7 42. Ba2 Rh2+ 43. Ke3 Rh3+ 44. Kd4 Nf4 45. Nxe4 Rd3+ 46. Ke5 fxe4 47. Rf6 Rc5+ 48. Kxe4 1-0

[Event "21st Open"]
[Site "Reykjavik"]
[Date "2004.03.16"]
[Round "9"]
[White "Miezis, Normund"]
[Black "Pogorelov, Ruslan"]
[Result "1-0"]
[WhiteElo "2525"]
[BlackElo "2451"]
[PlyCount "67"]
[EventDate "2004.03.07"]
[Source "Roberto Alvarez"]
[SourceDate "2004.03.22"]

1. c4 Nf6 2. Nc3 e6 3. e4 c5 4. e5 Ng8 5. d4 cxd4 6. Qxd4 Nc6 7. Qe4 d6 8. Nf3 dxe5 9. Nxe5 Bd7 10. Nxd7 Qxd7 11. Bg5 Bb4 12. Rd1 Bxc3+ 13. bxc3 Qc7 14. Be2 Nf6 15. Qf3 Ne5 16. Qe3 Ng6 17. O-O h6 18. Bxf6 gxf6 19. Rd4 Qe5 20. Re4 Qa5 21. Rb1 O-O-O 22. c5 Ne7 23. Qf3 Nd5 24. Rd4 Qxa2 25. Bd3 e5 26. Rh4 a5 27. g3 Kc7 28. Kg2 Qd2 29. Be4 Rhg8 30. c4 Nb4 31. Qxf6 Kb8 32. Qxe5+ Ka7 33. Qc7 Rb8 34. Qb6+ 1-0

[Event "Nijmegen"]
[Site "Nijmegen"]
[Date "1982.??.??"]
[Round "?"]
[White "Huebner, Robert"]
[Black "Borm, Franciscus WM"]
[Result "1-0"]
[WhiteElo "2620"]
[BlackElo "2345"]
[PlyCount "45"]
[EventDate "1982.??.??"]
[Source "www.chesslib.no"]
[SourceDate "2004.05.04"]

1. c4 Nf6 2. Nc3 e6 3. e4 c5 4. e5 Ng8 5. Nf3 Nc6 6. d4 cxd4 7. Nxd4 Nxe5 8. Ndb5 Nf6 9. Bf4 d6 10. c5 a6 11. cxd6 axb5 12. Bxe5 Nd7 13. Bxb5 Ra5 14. Qe2 f6 15. Bg3 Kf7 16. O-O-O g6 17. Rhe1 Bh6+ 18. Kb1 Re8 19. Qc4 Bf8 20. h4 h5 21. a4 Ra8 22. Rd2 Nb6 23. Bxe8+ 1-0

[Event "Soviet Union"]
[Site "Soviet Union"]
[Date "1979.??.??"]
[Round "?"]
[White "Gipslis, Aivars P"]
[Black "Vitolins, Alvis"]
[Result "1-0"]
[WhiteElo "2525"]
[BlackElo "2430"]
[PlyCount "133"]
[EventDate "1979.??.??"]
[Source "www.chesslib.no"]
[SourceDate "2004.05.04"]

1. c4 Nf6 2. Nc3 e6 3. e4 c5 4. e5 Ng8 5. Nf3 Nc6 6. d4 cxd4 7. Nxd4 Nge7 8. f4 Nxd4 9. Qxd4 Nc6 10. Qe4 d6 11. Bd2 dxe5 12. fxe5 Qd4 13. Qxd4 Nxd4 14. O-O-O Bd7 15. Bf4 Nf5 16. Bd3 Rc8 17. Kb1 Nh4 18. Rd2 Bb4 19. Bg5 Be7 20. Be3 Ng6 21. Bd4 b6 22. Rhd1 Bc6 23. Ne4 O-O 24. Nd6 Bxd6 25. exd6 Rfd8 26. c5 Nf4 27. Ba6 Rb8 28. cxb6 axb6 29. Be5 Ng6 30. Bg3 b5 31. d7 e5 32. Rd6 Be4+ 33. Kc1 f6 34. Be1 Nf4 35. Ba5 Ne2+ 36. Kd2 Nd4 37. Bxd8 Rxd8 38. Ke3 Bxg2 39. R1xd4 exd4+ 40. Kxd4 Kf7 41. Bxb5 Ke7 42. Kc5 Bh3 43. a4 Bxd7 44. Rxd7+ Rxd7 45. Bxd7 Kxd7 46. a5 f5 47. a6 Kc7 48. b4 f4 49. b5 f3 50. b6+ Kd7 51. a7 f2 52. a8=Q f1=Q 53. Qd5+ Ke7 54. Qd6+ Ke8 55. Qe6+ Kd8 56. Qg8+ Kd7 57. Qxg7+ Kd8 58. Qg8+ Kd7 59. Qxh7+ Kd8 60. Qh8+ Kd7 61. Qd4+ Ke7 62. b7 Qf5+ 63. Kb6 Qb1+ 64. Kc6 Qg6+ 65. Kb5 Qe8+ 66. Kb6 Qg6+ 67. Ka7 1-0

[Event "Jugoslavija"]
[Site "Jugoslavija"]
[Date "1979.??.??"]
[Round "?"]
[White "Rajkovic, Dusan"]
[Black "Matanovic, Aleksandar"]
[Result "1-0"]
[WhiteElo "2460"]
[BlackElo "2495"]
[PlyCount "83"]
[EventDate "1979.??.??"]
[Source "www.chesslib.no"]
[SourceDate "2004.05.04"]

1. c4 Nf6 2. Nc3 e6 3. e4 c5 4. f4 Nc6 5. g3 d5 6. e5 d4 7. Nb1 Ng8 8. d3 b6 9. Bg2 Bb7 10. Nf3 Be7 11. O-O Nh6 12. Nbd2 Nf5 13. Ne4 h5 14. Qe2 Qd7 15. Bd2 a5 16. a3 a4 17. h3 Na5 18. g4 hxg4 19. hxg4 Nh6 20. Bxa5 Rxa5 21. Nfd2 Kd8 22. Rab1 Kc7 23. b4 axb3 24. Nxb3 Ra7 25. a4 Rb8 26. a5 Bxe4 27. Qxe4 bxa5 28. Nxa5 Rxa5 29. Rxb8 Kxb8 30. Rb1+ Kc8 31. Rb7 Nxg4 32. Rxd7 Ra1+ 33. Bf1 Kxd7 34. Qb7+ Kd8 35. Qb2 Rd1 36. Qb6+ Kd7 37. Qa7+ Kd8 38. Qa8+ Kc7 39. Qe8 Ne3 40. Qxe7+ Kb6 41. Qd8+ Kb7 42. Qd7+ 1-0

[Event "Thaelmann mem"]
[Site "Ost-Berlin"]
[Date "1989.??.??"]
[Round "?"]
[White "Chekhov, Valery A"]
[Black "Tischbierek, Raj"]
[Result "1/2-1/2"]
[WhiteElo "2480"]
[BlackElo "2475"]
[PlyCount "36"]
[EventDate "1989.??.??"]
[Source "www.chesslib.no"]
[SourceDate "2004.05.04"]

1. c4 e6 2. Nc3 Nf6 3. e4 c5 4. e5 Ng8 5. d4 cxd4 6. Qxd4 Nc6 7. Qe4 d6 8. Nf3 dxe5 9. Nxe5 Bd7 10. Nxd7 Qxd7 11. Bg5 Bb4 12. Rd1 Qc7 13. Be2 Bxc3+ 14. bxc3 h6 15. Bf4 e5 16. Bg3 Nf6 17. Qe3 O-O 18. O-O Rfe8 1/2-1/2

[Event "Borsodtavho"]
[Site "Borsodtavho"]
[Date "1991.??.??"]
[Round "7"]
[White "Thorsteins, Karl"]
[Black "Luther, Thomas"]
[Result "1-0"]
[WhiteElo "2480"]
[BlackElo "2470"]
[PlyCount "105"]
[EventDate "1991.05.??"]
[Source "ChessBase"]

1. c4 e6 2. Nc3 Nf6 3. e4 c5 4. e5 Ng8 5. Nf3 Nc6 6. d4 cxd4 7. Nxd4 Nxe5 8. Ndb5 a6 9. Nd6+ Bxd6 10. Qxd6 f6 11. Be3 Ne7 12. Bb6 Nf5 13. Qc5 Qe7 14. Qxe7+ Kxe7 15. f4 Ng6 16. g3 d6 17. Bd3 Bd7 18. O-O-O Rac8 19. Rhe1 Kf7 20. Bxf5 exf5 21. Rxd6 Bc6 22. b4 Rhe8 23. Red1 Nf8 24. Kb2 Bf3 25. R1d4 Ne6 26. Rd3 Be4 27. Nxe4 fxe4 28. Rc3 Ke7 29. Rd5 Rc6 30. Be3 Rd6 31. f5 Nc7 32. Rxd6 Kxd6 33. a4 Kd7 34. b5 axb5 35. axb5 g6 36. fxg6 hxg6 37. Rc2 Ne6 38. Rd2+ Kc7 39. c5 f5 40. h4 Rd8 41. Rxd8 Kxd8 42. Kc3 Kd7 43. Kc4 Nc7 44. Bf4 Ne6 45. Bd2 Nc7 46. Ba5 Ne6 47. Kd5 Nc7+ 48. Bxc7 Kxc7 49. Kd4 Kd7 50. g4 fxg4 51. Kxe4 Ke6 52. Kf4 Kd5 53. Kxg4 1-0

[Event "Tbilisi"]
[Site "Tbilisi"]
[Date "1980.??.??"]
[Round "?"]
[White "Pribyl, Josef"]
[Black "Bagirov, Vladimir"]
[Result "1/2-1/2"]
[WhiteElo "2390"]
[BlackElo "2560"]
[PlyCount "50"]
[EventDate "1980.??.??"]
[Source "www.chesslib.no"]
[SourceDate "2004.05.04"]

1. c4 Nf6 2. Nc3 e6 3. e4 c5 4. e5 Ng8 5. d4 cxd4 6. Qxd4 Nc6 7. Qe4 d6 8. Nf3 dxe5 9. Nxe5 Bd7 10. Nxd7 Qxd7 11. Bg5 Bb4 12. Rd1 Qc7 13. Bd2 Nf6 14. Nd5 O-O-O 15. Nxf6 Rxd2 16. Rxd2 Rd8 17. Nd5 exd5 18. cxd5 Qa5 19. Ke2 Bxd2 20. dxc6 Rd6 21. g3 Qh5+ 22. g4 Qb5+ 23. Kf3 Rf6+ 24. Kg2 Qxc6 25. Qxc6+ Rxc6 1/2-1/2

[Event "Open"]
[Site "Zagabria CRO"]
[Date "2007.03.23"]
[Round "7"]
[White "Kovacevic, Bl"]
[Black "Saric, A."]
[Result "1/2-1/2"]
[WhiteElo "2448"]
[BlackElo "2501"]
[PlyCount "58"]
[EventDate "2007.03.17"]
[Source "www.chesslib.no"]
[SourceDate "2004.05.04"]

1. c4 Nf6 2. Nc3 e6 3. e4 c5 4. e5 Ng8 5. Nf3 Nc6 6. d4 cxd4 7. Nxd4 Nxe5 8. Ndb5 a6 9. Nd6+ Bxd6 10. Qxd6 f6 11. Be3 Ne7 12. Bb6 Nf5 13. Qc5 Qe7 14. Qxe7+ Nxe7 15. f4 Nf7 16. O-O-O d6 17. Bc7 Bd7 18. Bxd6 Nxd6 19. Rxd6 O-O-O 20. g3 Kc7 21. Rd2 Bc6 22. Rg1 Rxd2 23. Kxd2 Rd8+ 24. Kc1 Nf5 25. Bh3 Nd4 26. Re1 Re8 27. Bg4 h6 28. Ne2 Nxe2+ 29. Rxe2 Kd6 1/2-1/2

[Event "Chess Summer GM"]
[Site "Aarhus"]
[Date "2003.07.29"]
[Round "3"]
[White "Rasmussen, Karsten"]
[Black "Palo, Davor"]
[Result "0-1"]
[WhiteElo "2437"]
[BlackElo "2510"]
[PlyCount "94"]
[EventDate "2003.07.27"]
[Source "Roberto Alvarez"]
[SourceDate "2003.08.04"]

1. c4 Nf6 2. Nc3 e6 3. e4 c5 4. e5 Ng8 5. Nf3 d6 6. exd6 Nc6 7. d4 cxd4 8. Nxd4 Nxd4 9. Qxd4 Qxd6 10. Be3 Qxd4 11. Bxd4 Bd7 12. Bd3 Ne7 13. O-O-O Nc6 14. Be3 Ne5 15. Be2 Bb4 16. Bd4 f6 17. a3 Bd6 18. Ne4 Bc7 19. Bh5+ Ke7 20. Bc5+ Kd8 21. b3 b6 22. Bb4 a5 23. Bd6 Kc8 24. f4 Ng6 25. g3 Bc6 26. Rhe1 Rd8 27. Bxc7 Kxc7 28. Nc3 Rxd1+ 29. Bxd1 e5 30. Bc2 Re8 31. Bxg6 hxg6 32. fxe5 fxe5 33. Kd2 Kd6 34. Ke3 Ke6 35. Rd1 Rf8 36. Nd5 Rf7 37. a4 g5 38. g4 g6 39. Rd3 Rh7 40. Nxb6 Rh3+ 41. Kd2 Rxh2+ 42. Kc3 e4 43. Rd2 Rh3+ 44. Kd4 Rxb3 45. c5 Rb4+ 46. Ke3 Ke5 47. Rd6 Rxb6 0-1

[Event "Sombor"]
[Site "Sombor"]
[Date "1974.??.??"]
[Round "6"]
[White "Raicevic, Vladimir"]
[Black "Mednis, Edmar John"]
[Result "1-0"]
[WhiteElo "2490"]
[BlackElo "2455"]
[PlyCount "157"]
[EventDate "1974.??.??"]
[Source "ChessBase"]

1. c4 Nf6 2. Nc3 e6 3. e4 c5 4. g3 Nc6 5. Bg2 Be7 6. Nge2 O-O 7. O-O b6 8. d4 cxd4 9. Nxd4 Bb7 10. e5 Ne8 11. Bf4 Na5 12. Ne4 f5 13. exf6 Nxf6 14. Qe2 Qc8 15. b3 Nxe4 16. Bxe4 Bf6 17. Rad1 Bxe4 18. Qxe4 Qb7 19. Qxb7 Nxb7 20. Nb5 Rf7 21. Rd2 a6 22. Nc7 Ra7 23. Rfd1 Nc5 24. b4 e5 25. bxc5 bxc5 26. Nxa6 Rxa6 27. Be3 Ra4 28. Rc2 e4 29. Bxc5 Be7 30. Be3 Bf6 31. Bf4 h6 32. h4 g5 33. hxg5 hxg5 34. Be3 Kg7 35. Rd5 Kg6 36. Kg2 g4 37. c5 Re7 38. Rd6 Kf7 39. Rcd2 Bc3 40. Rc2 Be5 41. Rh6 Bd4 42. Rh4 Bxe3 43. fxe3 Ra3 44. Kf2 Re5 45. Rxg4 Ke6 46. Rd2 Kf5 47. Rf4+ Kg5 48. Ke2 Re7 49. Rd5+ Kg6 50. Rg4+ Kf6 51. Rd6+ Kf7 52. Rd2 Kf6 53. Kf2 Ra5 54. Kg2 Rxc5 55. Rd6+ Kf7 56. Rh4 Rc2+ 57. Kh3 Rxa2 58. Kg4 Re2 59. Kg5 Rf2 60. Rf4+ Rxf4 61. gxf4 Ke8 62. Kg6 Kf8 63. Rd4 Rg7+ 64. Kf5 Rf7+ 65. Ke5 Re7+ 66. Kd5 Re6 67. Rxe4 Ra6 68. Ke5 Kf7 69. Kf5 Ra5+ 70. Re5 Ra1 71. Rd5 Ke7 72. e4 Ra6 73. e5 Ra1 74. Rd6 Rf1 75. Rh6 Rf2 76. Rh7+ Ke8 77. Kg5 Rf1 78. f5 Ra1 79. Kf6 1-0

[Event "Budapest FS04 GM"]
[Site "Budapest"]
[Date "1994.??.??"]
[Round "9"]
[White "Soffer, Ram"]
[Black "Lugovoi, Aleksei"]
[Result "1/2-1/2"]
[WhiteElo "2520"]
[BlackElo "2425"]
[PlyCount "78"]
[EventDate "1994.04.??"]
[Source "ChessBase"]

1. c4 e6 2. Nc3 Nf6 3. e4 c5 4. e5 Ng8 5. Nf3 Nc6 6. d4 cxd4 7. Nxd4 Nxe5 8. Ndb5 f6 9. Be3 a6 10. Nd6+ Bxd6 11. Qxd6 Ne7 12. Bb6 Nf5 13. Qc5 Qe7 14. Qa5 O-O 15. O-O-O d6 16. f4 Nd7 17. Bc7 b6 18. Bxb6 Nxb6 19. Qxb6 Qb7 20. Qf2 d5 21. g4 Ne3 22. Qxe3 d4 23. Qf2 dxc3 24. Bg2 cxb2+ 25. Qxb2 Qxb2+ 26. Kxb2 Ra7 27. Rd6 Rc7 28. Rc1 g5 29. f5 exf5 30. gxf5 Kg7 31. Bd5 Bxf5 32. Rxa6 Re8 33. Rf1 Re2+ 34. Kc3 Bg6 35. Raxf6 Rxh2 36. R6f2 Rh3+ 37. Rf3 Rh4 38. a4 g4 39. Rg3 h5 1/2-1/2

[Event "25th Open"]
[Site "Oberwart"]
[Date "2003.??.??"]
[Round "4"]
[White "Tibensky, Robert"]
[Black "Riazantsev, Alexander"]
[Result "0-1"]
[WhiteElo "2400"]
[BlackElo "2530"]
[PlyCount "68"]
[EventDate "2003.07.05"]
[Source "Roberto Alvarez"]
[SourceDate "2003.07.14"]

1. c4 Nf6 2. Nc3 e6 3. e4 c5 4. Nf3 Nc6 5. d3 d5 6. Bg5 d4 7. Nb1 e5 8. Be2 Be7 9. O-O O-O 10. Ne1 Ne8 11. Bc1 Bg5 12. Nd2 g6 13. g3 Bh3 14. Ng2 f5 15. exf5 gxf5 16. f4 exf4 17. Nf3 h6 18. gxf4 Bf6 19. Qe1 Kh7 20. Kh1 Rg8 21. Rg1 Nc7 22. a3 Qd6 23. Qf2 Ne6 24. Nfh4 Na5 25. Bd1 Rg7 26. Bd2 Rag8 27. Bf3 Nb3 28. Rad1 Nxd2 29. Qxd2 Bxh4 30. Nxh4 Qxf4 31. Rxg7+ Rxg7 32. Qe1 Qe3 33. b4 b6 34. Bg2 Nf4 0-1

[Event "JUG Ch"]
[Site "Novi Sad YUG"]
[Date "1975.??.??"]
[Round "?"]
[White "Raicevic, Vladimir"]
[Black "Matanovic, Aleksandar"]
[Result "0-1"]
[WhiteElo "2440"]
[BlackElo "2490"]
[PlyCount "102"]
[EventDate "1975.??.??"]
[Source "www.chesslib.no"]
[SourceDate "2004.05.04"]

1. c4 Nf6 2. Nc3 e6 3. e4 c5 4. e5 Ng8 5. Nf3 Nc6 6. d4 cxd4 7. Nxd4 Nxe5 8. Bf4 Ng6 9. Bg3 e5 10. Ndb5 a6 11. Qa4 Bc5 12. Ne4 axb5 13. Qxa8 Bb4+ 14. Nc3 N8e7 15. c5 Qc7 16. Rc1 h5 17. h3 h4 18. Bh2 O-O 19. Bxb5 Nd5 20. O-O Nxc3 21. bxc3 Bxc5 22. Bd3 d6 23. Bxg6 fxg6 24. Qa4 g5 25. Qc4+ Qf7 26. Qxf7+ Kxf7 27. Kh1 Bf5 28. f3 Ba3 29. Rce1 Rc8 30. Re3 Bc5 31. Bg1 Bxe3 32. Bxe3 Kf6 33. Rd1 Rc6 34. Kg1 Be6 35. Bd2 Bxa2 36. Ra1 Ra6 37. Be3 Ra3 38. Kf2 d5 39. Bb6 Kf5 40. Be3 b5 41. Bb6 Ra4 42. Bc7 Bc4 43. Rxa4 bxa4 44. Bd6 d4 45. cxd4 exd4 46. Bf8 Kf6 47. Ke1 Bd3 48. Bc5 Ke5 49. Be7 Kd5 50. Ba3 Kc4 51. Bb2 Bf1 0-1

[Event "Moscow4"]
[Site "Moscow RUS"]
[Date "1991.??.??"]
[Round "?"]
[White "Gusev, Yuri S"]
[Black "Tal, Mikhail N"]
[Result "1-0"]
[WhiteElo "2360"]
[BlackElo "2565"]
[PlyCount "121"]
[EventDate "1991.??.??"]
[Source "www.chesslib.no"]
[SourceDate "2004.05.04"]

1. e4 c5 2. c4 Nf6 3. Nc3 e6 4. f4 Nc6 5. Nf3 d5 6. e5 Nd7 7. cxd5 exd5 8. Bb5 Nd4 9. Bd3 Nxf3+ 10. Qxf3 c4 11. Bc2 d4 12. Ne4 d3 13. Bd1 Nc5 14. Qe3 Nxe4 15. Qxe4 Bc5 16. b3 Bf5 17. Qxb7 O-O 18. Bb2 Bd4 19. Bc3 Rb8 20. Qxb8 Qxb8 21. Bxd4 Rd8 22. Bc3 Qb6 23. Bf3 h5 24. b4 Rd4 25. O-O Rxf4+ 26. Kh1 h4 27. Bd5 Rf2 28. h3 g6 29. Rxf2 Qxf2 30. a4 Qb6 31. b5 Qc5 32. Bc6 g5 33. a5 g4 34. hxg4 Bxg4 35. Rb1 Bc8 36. Be4 Qf2 37. b6 axb6 38. axb6 Kg7 39. b7 Bxb7 40. Bxb7 Qg3 41. Bc8 Qf2 42. Bh3 Kg8 43. e6 fxe6 44. Bxe6+ Kh7 45. Bxc4 Qf5 46. Rb7+ Kh6 47. Rb6+ Kh7 48. Rf6 Qe4 49. Bf7 Qe1+ 50. Kh2 Qg3+ 51. Kg1 h3 52. Bd5 Qe1+ 53. Kh2 hxg2 54. Bxg2 Qh4+ 55. Bh3 Qe1 56. Rf3 Kh6 57. Bf1 Kg5 58. Bxd3 Kg4 59. Kg2 Kh4 60. Re3 Qc1 61. Bf6+ 1-0

[Event "I TORNEO INTERNACION"]
[Site "I TORNEO INTERNACION"]
[Date "1995.??.??"]
[Round "4"]
[White "Pogorelov, Ruslan"]
[Black "Arencibia, Walter"]
[Result "1/2-1/2"]
[WhiteElo "2440"]
[BlackElo "2485"]
[PlyCount "80"]
[EventDate "1995.??.??"]
[Source "www.chesslib.no"]
[SourceDate "2004.05.04"]

1. c4 Nf6 2. Nc3 e6 3. e4 c5 4. e5 Ng8 5. d4 cxd4 6. Qxd4 Nc6 7. Qe4 d6 8. Nf3 dxe5 9. Nxe5 Nf6 10. Nxc6 Qb6 11. Qf3 Qxc6 12. Qxc6+ bxc6 13. g3 Ba6 14. Bg2 O-O-O 15. b3 Bb4 16. Bb2 Rd3 17. Rc1 Rhd8 18. Rc2 Ng4 19. O-O Bb7 20. Na4 Bf8 21. Bc3 c5 22. Nb2 R3d7 23. Ba5 Re8 24. Rd1 Rxd1+ 25. Nxd1 Ne5 26. Bxb7+ Kxb7 27. Kg2 Nc6 28. Bc3 g6 29. Rd2 Kc7 30. Nb2 Bd6 31. Na4 Nb8 32. Ba5+ Kc6 33. a3 Be7 34. Nc3 Rc8 35. b4 cxb4 36. axb4 Kb7 37. c5 Ka6 38. Ra2 Kb7 39. Rd2 Ka6 40. Ra2 Kb7 1/2-1/2

[Event "Europa ch 2008"]
[Site "Plovdiv BUL"]
[Date "2008.04.29"]
[Round "8.111"]
[White "Heberla, Bartlomiej"]
[Black "Petkov, Vladimir"]
[Result "1-0"]
[WhiteElo "2509"]
[BlackElo "2415"]
[PlyCount "47"]
[EventDate "2008.04.21"]
[Source "www.chesslib.no"]
[SourceDate "2004.05.04"]

1. c4 Nf6 2. Nc3 e6 3. e4 c5 4. e5 Ng8 5. Nf3 d6 6. exd6 Bxd6 7. d4 cxd4 8. Qxd4 Nf6 9. Bf4 Bxf4 10. Qxf4 O-O 11. Be2 Nc6 12. O-O Qb6 13. Rab1 Qc5 14. a3 b6 15. b4 Qe7 16. Bd3 Rd8 17. Rbd1 Bb7 18. Rfe1 a5 19. Nd5 Rxd5 20. cxd5 Nxd5 21. Bxh7+ Kxh7 22. Rxd5 axb4 23. Ng5+ Kg8 24. Qh4 1-0

[Event "Olympiad"]
[Site "Malta ol"]
[Date "1980.??.??"]
[Round "?"]
[White "Gruenfeld, Yehuda"]
[Black "Schneider, Lars-Ake"]
[Result "1/2-1/2"]
[WhiteElo "2455"]
[BlackElo "2450"]
[PlyCount "77"]
[EventDate "1980.??.??"]
[Source "www.chesslib.no"]
[SourceDate "2004.05.04"]

1. c4 Nf6 2. Nc3 e6 3. e4 c5 4. e5 Ng8 5. Nf3 Nc6 6. d4 cxd4 7. Nxd4 Nxe5 8. Ndb5 a6 9. Nd6+ Bxd6 10. Qxd6 f6 11. Be3 Ne7 12. Bb6 Nf5 13. Bxd8 Nxd6 14. Bc7 Ke7 15. c5 Ne8 16. Bb6 d5 17. cxd6+ Nxd6 18. Bc5 b5 19. Rd1 Rd8 20. Ne4 Nef7 21. Bd3 Bb7 22. Nxd6 Nxd6 23. Bxh7 Bd5 24. O-O Rac8 25. b4 Kf7 26. Bb1 Nb7 27. Be3 Rc4 28. a3 Rc3 29. Rc1 Rdc8 30. Bd2 Rxc1 31. Rxc1 Rxc1+ 32. Bxc1 Nd6 33. f3 e5 34. Kf2 Ke6 35. Bg6 f5 36. g4 Kf6 37. gxf5 Bf7 38. Bh7 Nxf5 39. Bxf5 1/2-1/2

[Event "cr Bartis-mem A"]
[Site "?"]
[Date "1993.??.??"]
[Round "?"]
[White "Vasta, Eduardo"]
[Black "Jensen, Ib"]
[Result "0-1"]
[WhiteElo "2400"]
[BlackElo "2500"]
[PlyCount "24"]
[EventDate "1993.??.??"]
[Source "www.chesslib.no"]
[SourceDate "2004.05.04"]

1. c4 Nf6 2. Nc3 e6 3. e4 c5 4. e5 Ng8 5. Nf3 d6 6. exd6 Bxd6 7. d4 cxd4 8. Nxd4 a6 9. Be2 Nf6 10. O-O O-O 11. Bg5 h6 12. Bh4 Qc7 0-1

[Event "Ch"]
[Site "Kladovo"]
[Date "1991.??.??"]
[Round "?"]
[White "Pavlovic, Milos"]
[Black "Pavlovic, Milos"]
[Result "1-0"]
[WhiteElo "2450"]
[BlackElo "2450"]
[PlyCount "118"]
[EventDate "1991.??.??"]
[Source "www.chesslib.no"]
[SourceDate "2004.05.04"]

1. c4 Nf6 2. Nc3 e6 3. e4 c5 4. e5 Ng8 5. Nf3 Nc6 6. d4 cxd4 7. Nxd4 Nxd4 8. Qxd4 Ne7 9. Bf4 Nc6 10. Qe3 Bb4 11. a3 Bxc3+ 12. Qxc3 f6 13. exf6 Qxf6 14. Qxf6 gxf6 15. Be2 e5 16. Be3 d6 17. Rd1 Ke7 18. c5 dxc5 19. Bxc5+ Kf7 20. O-O Rd8 21. Rxd8 Nxd8 22. Rd1 Ne6 23. Be3 Ke7 24. Bd3 h5 25. Rc1 b6 26. Bg6 h4 27. Rc4 h3 28. Rh4 Nf8 29. Be4 Rb8 30. g4 Be6 31. f3 Rd8 32. Rxh3 Rd1+ 33. Kf2 Ra1 34. Bd2 a5 35. Rg3 Rh1 36. Rg2 Nd7 37. Kg3 Nc5 38. Bg6 Bc4 39. Be3 Ne6 40. Rg1 Rxg1+ 41. Bxg1 Nf4 42. Be4 Ne2+ 43. Kg2 Nf4+ 44. Kh1 b5 45. Be3 Nh3 46. Kg2 Ng5 47. Ba8 Bd3 48. Bd2 a4 49. Bxg5 fxg5 50. h4 gxh4 51. Kh3 Kf6 52. Kxh4 Bc4 53. Be4 Bf7 54. Bd3 Be8 55. g5+ Ke6 56. g6 Kf6 57. Kh5 Kg7 58. Kg5 Bd7 59. Be2 Be8 1-0

[Event "Makarska"]
[Site "?"]
[Date "1996.??.??"]
[Round "6"]
[White "Bistric Faruk"]
[Black "Zelcic Robert"]
[Result "0-1"]
[WhiteElo "2400"]
[BlackElo "2495"]
[PlyCount "128"]
[EventDate "1996.??.??"]
[Source "www.chesslib.no"]
[SourceDate "2004.05.04"]

1. c4 Nf6 2. Nc3 e6 3. e4 c5 4. d3 d5 5. exd5 exd5 6. Bg5 Be7 7. g3 O-O 8. Bg2 Bg4 9. Bf3 Re8 10. Bxg4 Nxg4 11. Qxg4 Bxg5+ 12. Kf1 dxc4 13. dxc4 Bf6 14. Nd5 Nc6 15. Nf3 Nb4 16. Rd1 Nxd5 17. Rxd5 Qa5 18. Kg2 Qxa2 19. Rxc5 Qxb2 20. Rb5 Qc2 21. Rxb7 a5 22. Rhb1 a4 23. R1b6 Qg6 24. Qd7 h6 25. Ra6 Rad8 26. Qxa4 Re2 27. Ra8 Rxa8 28. Qxa8+ Kh7 29. Rb8 Qc2 30. Qa7 Qxc4 31. Rb7 Ra2 32. Qe3 Qd5 33. Rb3 Bd4 34. Qd3+ g6 35. Qxd4 Qxb3 36. Ne5 Qb7+ 37. Kh3 Qc8+ 38. Kg2 Qf5 39. Ng4 Ra6 40. Ne3 Qe6 41. h4 h5 42. Kg1 Rd6 43. Qf4 Rd7 44. g4 Qd6 45. Qg5 Qe7 46. Qb5 Rb7 47. Qd5 Rb1+ 48. Kg2 Qb7 49. Qxb7 Rxb7 50. gxh5 gxh5 51. Kg3 Kg6 52. Nd5 Kf5 53. Nf4 Rb3+ 54. f3 Rb8 55. Nd5 Ke5 56. Ne3 Rg8+ 57. Kf2 f5 58. Nf1 Ra8 59. Ng3 Ra4 60. Nxh5 f4 61. Kg2 Ra8 62. Kh3 Rg8 63. Kh2 Rh8 64. Ng7 Rxh4+ 0-1

[Event "Biel Open"]
[Site "Biel SUI"]
[Date "1993.??.??"]
[Round "9"]
[White "Miezis, Normunds"]
[Black "Tischbierek, Raj"]
[Result "1/2-1/2"]
[WhiteElo "2410"]
[BlackElo "2480"]
[PlyCount "66"]
[EventDate "1993.07.??"]
[Source "www.chesslib.no"]
[SourceDate "2004.05.04"]

1. c4 Nf6 2. Nc3 e6 3. e4 c5 4. e5 Ng8 5. d4 cxd4 6. Qxd4 Nc6 7. Qe4 d6 8. Nf3 dxe5 9. Nxe5 Bd7 10. Nxd7 Qxd7 11. Bg5 Nf6 12. Bxf6 gxf6 13. Rd1 Qc7 14. Be2 Bb4 15. Qf3 Qe5 16. O-O Bxc3 17. bxc3 Ke7 18. Rb1 Qc7 19. Rb5 Rab8 20. Rfb1 b6 21. Qe3 Ne5 22. c5 Nd7 23. cxb6 axb6 24. a4 Rhc8 25. c4 Ra8 26. Qb3 Nc5 27. Qc2 Nxa4 28. g3 h6 29. Bf3 Ra7 30. R1b4 Nc5 31. Rxb6 Qe5 32. Rb1 Rac7 33. Qd2 Nd7 1/2-1/2

[Event "Belgrade schev"]
[Site "?"]
[Date "1999.??.??"]
[Round "3"]
[White "Bakic Rados"]
[Black "Arsovic Zoran"]
[Result "1/2-1/2"]
[WhiteElo "2446"]
[BlackElo "2440"]
[PlyCount "45"]
[EventDate "1999.??.??"]
[Source "www.chesslib.no"]
[SourceDate "2004.05.04"]

1. c4 Nf6 2. Nc3 c5 3. g3 e6 4. e4 Nc6 5. d3 Be7 6. f4 d6 7. Bg2 a6 8. Nf3 O-O 9. O-O Rb8 10. a4 b6 11. h3 d5 12. e5 Ne8 13. cxd5 exd5 14. d4 Nc7 15. Be3 Bf5 16. Kh2 Ne6 17. g4 Be4 18. Nxe4 dxe4 19. d5 exf3 20. Bxf3 Ncd4 21. dxe6 Nxf3+ 22. Qxf3 fxe6 23. Qe4 1/2-1/2

[Event "Extraliga 2004/05"]
[Site "?"]
[Date "2004.11.06"]
[Round "1"]
[White "Neuman Petr"]
[Black "Petrik Tomas"]
[Result "1/2-1/2"]
[WhiteElo "2433"]
[BlackElo "2450"]
[PlyCount "112"]
[EventDate "2004.??.??"]
[Source "www.chesslib.no"]
[SourceDate "2004.05.04"]

1. c4 Nf6 2. Nc3 e6 3. e4 c5 4. e5 Ng8 5. Nf3 Nc6 6. d4 cxd4 7. Nxd4 Nxe5 8. Ndb5 a6 9. Nd6+ Bxd6 10. Qxd6 f6 11. Be3 Ne7 12. Bb6 Nf5 13. Qb4 Nc6 14. Qc5 Qe7 15. O-O-O Qxc5 16. Bxc5 d6 17. Ba3 Ke7 18. Bd3 Nfd4 19. Rhe1 Rd8 20. Be4 Kf7 21. Bxc6 Nxc6 22. Ne4 e5 23. Nxd6+ Kg8 24. Bc5 Nd4 25. b3 b5 26. cxb5 Nxb5 27. Nxb5 Rxd1+ 28. Rxd1 axb5 29. Rd8+ Kf7 30. Kb2 Kg6 31. Kc3 Bb7 32. Rxa8 Bxa8 33. Kb4 Bc6 34. f3 Kf7 35. Ka5 Ke6 36. Kb6 Be8 37. Bf8 g6 38. Kc5 f5 39. Bh6 Bd7 40. Bc1 h5 41. h4 e4 42. Kd4 Bc6 43. Ke3 Kd5 44. Ba3 Ke5 45. Bb2+ Kd5 46. Kf4 Ke6 47. Bc3 Ke7 48. fxe4 Bxe4 49. g3 Bb1 50. a4 bxa4 51. bxa4 Ke6 52. a5 Bd3 53. Ke3 Bf1 54. Kd4 Kd6 55. Bd2 Kc6 56. Ke5 Be2 1/2-1/2

[Event "BL2-West 0102"]
[Site "Germany"]
[Date "2002.04.14"]
[Round "8.2"]
[White "Rotstein, Arkadij"]
[Black "Pedersen, Nicolai Vesterbaek"]
[Result "0-1"]
[WhiteElo "2499"]
[BlackElo "2382"]
[PlyCount "75"]
[EventDate "2001.10.07"]
[Source "ChessBase"]
[SourceDate "2002.07.08"]

1. c4 Nf6 2. Nc3 e6 3. e4 c5 4. e5 Ng8 5. Nf3 Nc6 6. d4 cxd4 7. Nxd4 Nxe5 8. Ndb5 a6 9. Nd6+ Bxd6 10. Qxd6 f6 11. Be3 Ne7 12. Bb6 Nf5 13. Qc5 d6 14. Qa5 Qd7 15. f4 Ng4 16. Be2 Ngh6 17. O-O-O O-O 18. g4 Ne7 19. Bf3 Ng6 20. Bc7 Nf7 21. c5 Nxf4 22. cxd6 Ng5 23. Qa4 Nfh3 24. Qxd7 Bxd7 25. Bxb7 Ra7 26. Bg2 Nf2 27. Bb6 Nxd1 28. Bxa7 Nxc3 29. bxc3 Rc8 30. Kc2 Nf7 31. Bb7 Rc4 32. Bb8 Rxg4 33. Rb1 a5 34. Bc7 Rh4 35. Rb6 Ne5 36. Ba6 Rxh2+ 37. Kb3 h5 38. Bb5 0-1